[Event "Hazel Park (MCO/5/27)"]
[Site "?"]
[Date "1987.??.??"]
[Round "?"]
[White "Griffin, John"]
[Black "Traves, W.."]
[Result "0-1"]
[WhiteElo "1620"]
[BlackElo "1775"]
[PlyCount "66"]
[EventDate "1987.??.??"]

{5/(27)} 1. d4 Nf6 2. c4 c5 3. d5 e6 4. Nc3 exd5 5. cxd5 d6 6. Nf3 a6 7. a4 g6
8. e4 Bg4 9. Be2 Bg7 10. Nd2 Bxe2 11. Qxe2 Nbd7 12. Nc4 Nb6 13. O-O Nxc4 14.
Qxc4 Nd7 15. f4 Bd4+ 16. Kh1 O-O 17. Ra2 Re8 18. Re1 f5 19. Qd3 Nf6 20. Be3 Ng4
21. Bxd4 Qh4 22. Qg3 Qxg3 23. hxg3 cxd4 24. Nd1 fxe4 25. b3 e3 26. Nxe3 dxe3
27. Kg1 Rac8 28. Kf1 Rc3 29. Rb2 Rd3 30. Rc1 Rxd5 31. Rc7 e2+ 32. Rxe2 Rd1+ 33.
Re1 Rdxe1# 0-1

[Event "Allendale (MI Am/3/14)"]
[Site "?"]
[Date "1987.??.??"]
[Round "?"]
[White "Griffin, John"]
[Black "Smalec, John"]
[Result "1-0"]
[WhiteElo "1605"]
[BlackElo "1730"]
[PlyCount "93"]
[EventDate "1987.??.??"]

{3/(14)} 1. d4 Nf6 2. c4 c5 3. d5 b5 4. cxb5 a6 5. Nc3 axb5 6. e4 d6 7. Nf3 g6
8. Bxb5+ Bd7 9. Bd3 Bg7 10. O-O O-O 11. Qe2 Qb6 12. Qc2 Na6 13. a3 Nb4 14. Qe2
Rfb8 15. Rb1 Nxd3 16. Qxd3 Ng4 17. h3 Ne5 18. Nxe5 Bxe5 19. Qc2 e6 20. Re1 exd5
21. Nxd5 Qa5 22. Bd2 Qa7 23. Bc3 Ba4 24. Qd2 Bxc3 25. Qxc3 Rb3 26. Qf6 Re8 27.
Qxd6 Re6 28. Qf4 Bc6 29. Nf6+ Kg7 30. e5 Qb7 31. Qd2 Qa8 32. Ne4 Kf8 33. Rbd1
Ke7 34. Qg5+ Ke8 35. Nf6+ Kf8 36. Nxh7+ Kg7 37. Qh4 Bxg2 38. Ng5 Rxe5 39. Rxe5
Bh1 40. Qg4 c4 41. Rd7 Rxb2 42. Rxf7+ Kg8 43. Rf3 Rb1+ 44. Kh2 Rf1 45. Qe6+ Kh8
46. Qf6+ Kg8 47. Qf7+ 1-0

[Event "Hazel Park (MCO/1/13)"]
[Site "?"]
[Date "1987.??.??"]
[Round "?"]
[White "Griffin, John"]
[Black "Jarosz, Stan"]
[Result "1/2-1/2"]
[WhiteElo "1620"]
[BlackElo "2090"]
[PlyCount "103"]
[EventDate "1987.??.??"]

{1/(13)} 1. d4 Nf6 2. c4 e6 3. Nf3 b6 4. g3 Bb7 5. Bg2 Be7 6. O-O O-O 7. Nc3
Ne4 8. Bd2 Bf6 9. e3 c5 10. Qc2 Nxc3 11. Bxc3 cxd4 12. Nxd4 Bxg2 13. Kxg2 Qc7
14. Qe2 Na6 15. Rac1 Rfc8 16. Nb5 Qxc4 17. Qxc4 Rxc4 18. Bxf6 Rxc1 19. Rxc1
gxf6 20. Nd6 Kf8 21. a3 Nc5 22. b4 Nd3 23. Rc7 Ke7 24. Nb5 a6 25. Nd4 Ne5 26.
e4 Nc6 27. Nxc6+ Kd6 28. Ra7 Rxa7 29. Nxa7 Kc7 30. Kh3 Kb7 31. Nb5 axb5 32. Kh4
Kc7 33. Kh5 d5 34. exd5 exd5 35. Kg4 Kd6 36. Kf4 Ke6 37. g4 Kd6 38. Ke3 f5 39.
g5 Ke5 40. f4+ Ke6 41. h3 f6 42. h4 fxg5 43. hxg5 Kd6 44. Kd3 d4 45. Kxd4 Ke6
46. Ke3 Kd7 47. Kd3 Kc6 48. Kd4 Kd6 49. Ke3 Ke6 50. Kd4 Kd6 51. Ke3 Kd5 52. Kd3
1/2-1/2

[Event "Allendale (MI Am/1/19)"]
[Site "?"]
[Date "1987.??.??"]
[Round "?"]
[White "Griffin, John"]
[Black "Croel, Duane"]
[Result "1/2-1/2"]
[WhiteElo "1605"]
[BlackElo "1605"]
[PlyCount "116"]
[EventDate "1987.??.??"]

{1/(19)} 1. d4 Nf6 2. c4 g6 3. Nf3 d5 4. cxd5 Nxd5 5. Nc3 Nf6 6. e4 Bg7 7. Be2
O-O 8. Bf4 Bg4 9. d5 c6 10. O-O cxd5 11. Nxd5 Nxd5 12. Qxd5 Qxd5 13. exd5 Nd7
14. Rfd1 Nb6 15. Rd2 Rfd8 16. Rad1 Bxf3 17. gxf3 Na4 18. d6 exd6 19. Rxd6 Rxd6
20. Rxd6 Nxb2 21. Rd7 Re8 22. Kf1 Bf6 23. Rxb7 Re7 24. Rb3 Na4 25. Bh6 Nb6 26.
a4 Bg7 27. Be3 Be5 28. Bxb6 axb6 29. Rxb6 Bxh2 30. a5 Bc7 31. Rb7 Bd6 32. Rb5
h5 33. Rd5 Bf4 34. Bb5 g5 35. a6 h4 36. Kg2 Kg7 37. Bc6 Ra7 38. Bb7 Kg6 39. Rd7
f5 40. Rd5 g4 41. Rd4 h3+ 42. Kg1 Kg5 43. fxg4 fxg4 44. Rd5+ Kh4 45. Rf5 Bc7
46. Rf7 Be5 47. Re7 Bd4 48. Re4 Bb6 49. Re6 Bd4 50. Rh6+ Kg5 51. Rh7 Kf6 52.
Rc7 g3 53. Rh7 Bxf2+ 54. Kf1 h2 55. Kg2 Ke5 56. Rh4 Kd6 57. Rh7 Ke5 58. Kf3 Kd6
1/2-1/2

[Event "Lansing (MI Op/2/28)"]
[Site "?"]
[Date "1987.??.??"]
[Round "?"]
[White "Grams, Paul"]
[Black "Moody, David"]
[Result "1/2-1/2"]
[WhiteElo "1835"]
[BlackElo "2025"]
[PlyCount "68"]
[EventDate "1987.??.??"]

{2/(28)} 1. d4 Nf6 2. e3 g6 3. Nf3 Bg7 4. c4 c5 5. d5 O-O 6. Nc3 d6 7. Qc2 e6
8. Bd3 exd5 9. cxd5 Na6 10. a3 Nc7 11. e4 Re8 12. O-O Rb8 13. b4 cxb4 14. axb4
Na6 15. Rb1 Bg4 16. Nd2 Rc8 17. Nc4 Nd7 18. Nb5 Ne5 19. Nbxd6 Qh4 20. f3 Nxc4
21. Bxc4 Bd4+ 22. Kh1 Be5 23. g3 Bxg3 24. Nxc8 Rxc8 25. fxg4 Rxc4 26. Qg2 Be5
27. b5 Nb4 28. Qf2 Qxf2 29. Rxf2 Nd3 30. Rf1 Rc2 31. Be3 Rxh2+ 32. Kg1 Rh3 33.
Bxa7 Rg3+ 34. Kh1 Rh3+ 1/2-1/2

[Event "Lansing (MI Op/6/17)"]
[Site "?"]
[Date "1987.??.??"]
[Round "?"]
[White "Grams, Paul"]
[Black "Lang, J.."]
[Result "1-0"]
[WhiteElo "1835"]
[BlackElo "2080"]
[PlyCount "75"]
[EventDate "1987.??.??"]

{6/(17)} 1. d4 Nf6 2. c4 b6 3. Nf3 e6 4. Nc3 Bb7 5. e3 Bb4 6. Be2 O-O 7. O-O d6
8. Qc2 Nbd7 9. a3 Bxc3 10. Qxc3 c5 11. Nd2 Rc8 12. f3 Qe7 13. b4 Rfe8 14. Bb2
d5 15. Qb3 Ba6 16. dxc5 bxc5 17. b5 Bb7 18. a4 Qd6 19. Rfd1 Qb8 20. Qc2 Red8
21. f4 d4 22. Nf3 Ng4 23. exd4 Ne3 24. Qc3 Nxd1 25. Rxd1 Nf6 26. Ne5 Qc7 27.
Ba3 Ne4 28. Qe3 cxd4 29. Rxd4 Rxd4 30. Qxd4 Qb6 31. Qxb6 axb6 32. Nd7 Nc3 33.
Nxb6 Nxe2+ 34. Kf2 Nxf4 35. Nxc8 Bxc8 36. c5 Nd5 37. c6 f5 38. a5 1-0

[Event "Lansing (MI Op/3/31)"]
[Site "?"]
[Date "1987.??.??"]
[Round "?"]
[White "Grams, Paul"]
[Black "Bailey, Greg"]
[Result "1-0"]
[WhiteElo "1835"]
[BlackElo "2010"]
[PlyCount "87"]
[EventDate "1987.??.??"]

{3/(31)} 1. d4 Nf6 2. e3 g6 3. Nf3 Bg7 4. c4 c5 5. d5 d6 6. Nc3 O-O 7. Qc2 e6
8. Bd3 exd5 9. cxd5 a6 10. a4 Nbd7 11. O-O Rb8 12. e4 Re8 13. h3 Qc7 14. b3 Re7
15. Bf4 Nh5 16. Bh2 Ne5 17. Be2 Nxf3+ 18. Bxf3 Nf6 19. Qd3 Nd7 20. Rac1 Ne5 21.
Qe3 Nxf3+ 22. Qxf3 b5 23. axb5 axb5 24. b4 c4 25. Rfe1 Bd7 26. Ra1 Rbe8 27. Ra6
Be5 28. Bxe5 Rxe5 29. Qf6 Qc8 30. Rxd6 Bxh3 31. gxh3 Qxh3 32. Re3 Qh6 33. Rd8
Rg5+ 34. Kf1 Qh1+ 35. Ke2 Qh5+ 36. Rf3 Rxd8 37. Qxd8+ Kg7 38. Qf6+ Kh6 39. Qxf7
Rg4 40. Qf8+ Kg5 41. d6 Qh1 42. d7 Rg1 43. d8=Q+ Kh5 44. Qd2 1-0

[Event "Hazel Park (MCO/3/18)"]
[Site "?"]
[Date "1987.??.??"]
[Round "?"]
[White "Golonka, Stan"]
[Black "McGee, T.."]
[Result "1/2-1/2"]
[WhiteElo "1980"]
[BlackElo "1605"]
[PlyCount "118"]
[EventDate "1987.??.??"]

{3/(18)} 1. c4 g5 2. Nc3 Bg7 3. d3 e6 4. Nf3 h6 5. g3 d5 6. Qb3 Ne7 7. Bg2 b6
8. O-O Bb7 9. Rd1 Nd7 10. Qc2 Nf5 11. cxd5 g4 12. dxe6 fxe6 13. Nh4 Bxg2 14.
Nxf5 exf5 15. Kxg2 c6 16. d4 Qf6 17. e4 h5 18. exf5 O-O 19. d5 Nc5 20. d6 h4
21. Bf4 Rae8 22. d7 Rd8 23. Rd6 h3+ 24. Kf1 Qf7 25. Rad1 Rxd7 26. Rxd7 Nxd7 27.
Qe2 Qxf5 28. Qc4+ Kh8 29. Qxc6 Ne5 30. Qb7 Nf3 31. Rd5 Nxh2+ 32. Kg1 Nf3+ 33.
Kf1 h2 34. Kg2 Qh7 35. Rd1 Qc2 36. Qd5 Qxb2 37. Qh5+ Kg8 38. Nd5 Qa3 39. Qxg4
Ng1 40. Kxh2 Nf3+ 41. Kg2 Rf7 42. Qxf3 Qxa2 43. Ne3 b5 44. Rd8+ Rf8 45. Qd5+
Qxd5+ 46. Rxd5 a6 47. Nc2 Re8 48. Nb4 Ra8 49. Nxa6 Rxa6 50. Rxb5 Ra2 51. Rb3
Kf7 52. g4 Ke6 53. Rf3 Bd4 54. Bg5 Kd5 55. Bh4 Ke6 56. g5 Ra5 57. Kg3 Rf5 58.
Rxf5 Kxf5 59. f4 Be3 1/2-1/2

[Event "Lansing (MI Op/2/19)"]
[Site "?"]
[Date "1987.??.??"]
[Round "?"]
[White "Golonka, Stan"]
[Black "Koster, Ed"]
[Result "1-0"]
[WhiteElo "1985"]
[BlackElo "2185"]
[PlyCount "69"]
[EventDate "1987.??.??"]

{2/(19)} 1. c4 e5 2. Nc3 Nf6 3. Nf3 Nc6 4. d3 Bb4 5. Qc2 O-O 6. g3 Re8 7. e4 d6
8. Bg2 Bg4 9. Be3 Qd7 10. O-O h6 11. Nd5 Nxd5 12. cxd5 Ne7 13. Rac1 c6 14. Qa4
c5 15. Qxd7 Bxd7 16. Bd2 Bxd2 17. Nxd2 a5 18. f4 f6 19. Bf3 b5 20. f5 Nc8 21.
Bh5 Rd8 22. h4 Nb6 23. Nf3 Bc8 24. Rf2 Ba6 25. g4 Rdc8 26. b3 a4 27. g5 axb3
28. axb3 b4 29. Rg2 hxg5 30. hxg5 fxg5 31. Nxg5 Bxd3 32. Ne6 Ra7 33. f6 Bxe4
34. f7+ Kh8 35. Rh2 1-0

[Event "Hazel Park (MCO/5/6)"]
[Site "?"]
[Date "1987.??.??"]
[Round "?"]
[White "Golonka, Stan"]
[Black "Koster, Ed"]
[Result "0-1"]
[WhiteElo "1980"]
[BlackElo "2185"]
[PlyCount "60"]
[EventDate "1987.??.??"]

{5/(6)} 1. c4 e5 2. g3 Nf6 3. Bg2 c6 4. Nf3 e4 5. Ng5 d5 6. cxd5 cxd5 7. d3 h6
8. Nh3 Bf5 9. dxe4 Bxe4 10. O-O Nc6 11. Qb3 Qd7 12. Nf4 Nd4 13. Qd1 Nc2 14.
Bxe4 Nxa1 15. Bd3 g5 16. Ng2 Bc5 17. e3 O-O-O 18. Na3 Qh3 19. Bd2 Kb8 20. f3 h5
21. Qxa1 h4 22. gxh4 Bd6 23. Rf2 Qxh2+ 24. Kf1 Qh1+ 25. Ke2 Qxa1 26. Bc3 Bxa3
27. Bxf6 Bxb2 28. Bxd8 Rxd8 29. hxg5 Rh8 30. Bb1 Qxb1 0-1

[Event "Lansing (MI Op/6/13)"]
[Site "?"]
[Date "1987.??.??"]
[Round "?"]
[White "Golonka, Stan"]
[Black "Haluska, James"]
[Result "0-1"]
[WhiteElo "1985"]
[BlackElo "2090"]
[PlyCount "82"]
[EventDate "1987.??.??"]

{6/(13)} 1. c4 e5 2. Nc3 g6 3. g3 Nc6 4. Bg2 Bg7 5. d3 d6 6. Nf3 f5 7. O-O Nf6
8. Rb1 O-O 9. b4 a6 10. a4 a5 11. b5 Ne7 12. Qb3 Nd7 13. c5+ Kh8 14. cxd6 cxd6
15. Ba3 Nc5 16. Bxc5 dxc5 17. Ng5 Qd6 18. Nd5 Bh6 19. Nxe7 Qxe7 20. Nf3 b6 21.
Nxe5 Qxe5 22. Bxa8 Be6 23. Qb2 Qxb2 24. Rxb2 Rxa8 25. e4 Rd8 26. Re1 f4 27.
gxf4 Bxf4 28. Kg2 Rxd3 29. f3 Kg7 30. Kf2 Ra3 31. Rd1 Rxa4 32. Rd8 Rb4 33. Rxb4
axb4 34. Ke2 Bc4+ 35. Kd1 Bxb5 36. Kc2 Bxh2 37. Ra8 c4 38. Ra7+ Kf6 39. Rxh7
Bg1 40. Rh1 Bd4 41. Rd1 Ba4+ 0-1

[Event "Hazel Park (MCO/1/24)"]
[Site "?"]
[Date "1987.??.??"]
[Round "?"]
[White "Golonka, Stan"]
[Black "Feldman, J.."]
[Result "1-0"]
[WhiteElo "1980"]
[BlackElo "1605"]
[PlyCount "39"]
[EventDate "1987.??.??"]

{1/(24)} 1. c4 Nf6 2. Nc3 g6 3. g3 Bg7 4. Bg2 Nc6 5. Nf3 d6 6. O-O O-O 7. d3
Be6 8. Rb1 Qd7 9. b4 a6 10. Re1 b5 11. Ng5 Rab8 12. Nxe6 fxe6 13. cxb5 axb5 14.
e3 Ne5 15. f4 Neg4 16. Bh3 Nh6 17. Ne2 Nf5 18. e4 Nh6 19. Nd4 Nd5 20. Bxe6+ 1-0

[Event "Lansing (MI Op/4/26)"]
[Site "?"]
[Date "1987.??.??"]
[Round "?"]
[White "Golonka, Stan"]
[Black "Ball, Ed"]
[Result "1/2-1/2"]
[WhiteElo "1985"]
[BlackElo "1740"]
[PlyCount "47"]
[EventDate "1987.??.??"]

{4/(26)} 1. c4 e6 2. g3 d5 3. Bg2 c6 4. Nf3 Nf6 5. O-O Bd6 6. Qc2 Nbd7 7. d4
O-O 8. b3 Qc7 9. Bb2 dxc4 10. bxc4 c5 11. e3 e5 12. dxe5 Nxe5 13. Nbd2 Bd7 14.
Ng5 h6 15. Nge4 Nxe4 16. Nxe4 Bc6 17. f4 Ng6 18. Qc3 f6 19. Rad1 Rad8 20. Qc2
f5 21. Nxd6 Rxd6 22. Rxd6 Qxd6 23. Qc3 Rf7 24. Bxc6 1/2-1/2

[Event "Allendale (MI Am/1/18)"]
[Site "?"]
[Date "1987.??.??"]
[Round "?"]
[White "Gemmell, J.."]
[Black "Scott, D.."]
[Result "0-1"]
[WhiteElo "1605"]
[BlackElo "1650"]
[PlyCount "42"]
[EventDate "1987.??.??"]

{1/(18)} 1. Nf3 d5 2. d4 Nf6 3. Nc3 e6 4. Qd3 Bb4 5. Qb5+ Nc6 6. Ne5 Bxc3+ 7.
bxc3 Bd7 8. Qxb7 Nxe5 9. dxe5 Ne4 10. Bd2 O-O 11. f3 Qh4+ 12. g3 Nxg3 13. hxg3
Qxh1 14. Qxc7 Bb5 15. O-O-O Qh2 16. e3 Bxf1 17. Rxf1 Qxg3 18. e4 Rfc8 19. Qe7
Qxe5 20. Bh6 Qxc3 21. Rg1 Qxc2# 0-1

[Event "Hazel Park (MCO/6/10)"]
[Site "?"]
[Date "1987.??.??"]
[Round "?"]
[White "Garwood, B.."]
[Black "Thomas, C.."]
[Result "1/2-1/2"]
[WhiteElo "1995"]
[BlackElo "2130"]
[PlyCount "98"]
[EventDate "1987.??.??"]

{6/(10)} 1. e4 e6 2. d4 d5 3. e5 c5 4. c3 Qb6 5. Bd3 Bd7 6. Ne2 Nc6 7. Bc2 f6
8. exf6 Nxf6 9. O-O Be7 10. a3 O-O 11. Qd3 c4 12. Qg3 Rf7 13. Nd2 Nh5 14. Qg4
Nf6 15. Qg3 e5 16. b3 exd4 17. bxc4 Nh5 18. Qd3 Bf5 19. Qf3 Bg6 20. Qxd5 Rd8
21. Bxg6 Rxd5 22. Bxf7+ Kxf7 23. cxd5 d3 24. dxc6 dxe2 25. Re1 Qxc6 26. Rxe2
Nf4 27. Re4 g5 28. c4 Bc5 29. Nf3 Nd3 30. Be3 Be7 31. Rd4 Bf6 32. Rd1 Bxd4 33.
Bxd4 Qxc4 34. h4 Kg8 35. Bxa7 g4 36. Ne1 Nf4 37. Bb8 Ne2+ 38. Kh2 b5 39. Rd8+
Kf7 40. Rd7+ Ke8 41. Rd2 Nd4 42. Be5 Nf5 43. Bg3 Qc1 44. Rd5 Ne7 45. Re5 Kf7
46. f3 gxf3 47. Nxf3 Qb1 48. Nd4 Qd3 49. Nxb5 Ng6 1/2-1/2

[Event "Hazel Park (MCO/4/17)"]
[Site "?"]
[Date "1987.??.??"]
[Round "?"]
[White "Garwood, B.."]
[Black "McNeilly, A.."]
[Result "1/2-1/2"]
[WhiteElo "1995"]
[BlackElo "1755"]
[PlyCount "34"]
[EventDate "1987.??.??"]

{4/(17)} 1. e4 c5 2. Nc3 d6 3. g3 Nc6 4. Bg2 Nf6 5. d3 e6 6. Nf3 Be7 7. O-O O-O
8. Bg5 h6 9. Bxf6 Bxf6 10. Re1 a6 11. a4 Qc7 12. Qd2 Rb8 13. Rab1 b5 14. axb5
axb5 15. Qf4 Bxc3 16. bxc3 e5 17. Qe3 Bg4 1/2-1/2

[Event "Hazel Park (MCO/2/20)"]
[Site "?"]
[Date "1987.??.??"]
[Round "?"]
[White "Garwood, B.."]
[Black "Kezele, P.."]
[Result "1-0"]
[WhiteElo "1995"]
[BlackElo "1605"]
[PlyCount "45"]
[EventDate "1987.??.??"]

{2/(20)} 1. e4 c5 2. Nc3 Nc6 3. g3 Nf6 4. Bg2 e5 5. d3 b6 6. Nf3 Bb7 7. O-O Nd4
8. Nxe5 Qc7 9. Nc4 b5 10. Bf4 Qd8 11. Ne3 a6 12. Ncd5 Ne6 13. Be5 d6 14. Bxf6
gxf6 15. Qf3 Bg7 16. Qh5 Rc8 17. Bh3 Kf8 18. Nf5 Bxd5 19. exd5 Ng5 20. Bg4 h6
21. Rfe1 Rc7 22. Re3 Qa8 23. Rae1 1-0

[Event "Lansing (MI Op/6/29)"]
[Site "?"]
[Date "1987.??.??"]
[Round "?"]
[White "Garrison, Ray"]
[Black "Smith, Michael R"]
[Result "1/2-1/2"]
[WhiteElo "1685"]
[BlackElo "2010"]
[PlyCount "96"]
[EventDate "1987.??.??"]

{6/(29)} 1. Nf3 Nf6 2. d4 e6 3. Bf4 b6 4. e3 Bb7 5. Nbd2 Be7 6. Bd3 d6 7. Qe2
Nbd7 8. Nc4 O-O 9. Ng5 h6 10. h4 Re8 11. O-O-O Nf8 12. Ne5 hxg5 13. hxg5 N8d7
14. Nxd7 Qxd7 15. Bh7+ Kf8 16. Bd3 Kg8 17. gxf6 Bxf6 18. Rh7 Kf8 19. Qh5 Ke7
20. Bh6 Rh8 21. Bg5 Rxh7 22. Bxf6+ gxf6 23. Qxh7 Qe8 24. Bg6 Qg8 25. Be4 Qxh7
26. Bxh7 Rh8 27. Bd3 Bxg2 28. Be2 Rh1 29. Rxh1 Bxh1 30. f3 d5 31. Kd2 Bg2 32.
Bd1 Kd6 33. Ke1 e5 34. c3 Ke6 35. Kf2 Bh3 36. Kg3 Bf5 37. Bb3 Kd6 38. a4 a5 39.
Bd1 c5 40. f4 cxd4 41. exd4 Bd3 42. Kf3 e4+ 43. Ke3 f5 44. Bh5 Bc2 45. Bxf7
Bxa4 46. Kd2 Bb5 47. Ke3 Bd7 48. Kd2 Bb5 1/2-1/2

[Event "Lansing (MI Op/1a/16)"]
[Site "?"]
[Date "1987.??.??"]
[Round "?"]
[White "Garrison, Ray"]
[Black "Johnson, Richard"]
[Result "0-1"]
[WhiteElo "1685"]
[BlackElo "2030"]
[PlyCount "110"]
[EventDate "1987.??.??"]

1. Nf3 d5 2. d4 Nf6 3. Bf4 c6 4. e3 Qb6 5. Nbd2 Qxb2 6. Nb3 e5 7. Bxe5 Bb4+ 8.
Nfd2 Ne4 9. Bd3 Bxd2+ 10. Nxd2 Nc3 11. Qc1 Qxc1+ 12. Rxc1 f6 13. Bd6 Nxa2 14.
Ra1 Nc3 15. g4 a6 16. f3 Be6 17. Nb3 Nd7 18. Na5 Ra7 19. Kd2 Nb5 20. Bg3 Kf7
21. c4 dxc4 22. Nxc4 Rd8 23. Rhb1 Nc5 24. Rxb5 cxb5 25. Nd6+ Rxd6 26. dxc5 Rd5
27. e4 Rd8 28. Kc3 b4+ 29. Kc2 a5 30. Bb5 Rc8 31. Bf2 b6 32. c6 Rxc6+ 33. Bxc6
Rc7 34. Kb2 Rxc6 35. Rc1 Rxc1 36. Kxc1 b5 37. Bc5 g5 38. Bb6 a4 39. Bc5 b3 40.
Bd6 Bc4 41. f4 Ke6 42. Bc7 gxf4 43. Bxf4 Bd3 44. g5 fxg5 45. Bxg5 a3 46. Bd8
b2+ 47. Kd2 Bxe4 48. h4 b1=Q 49. h5 Qd3+ 50. Ke1 Qxd8 51. h6 Qh4+ 52. Ke2 Ke5
53. Kf1 Qf4+ 54. Ke2 a2 55. Ke1 Qe3+ 0-1

[Event "Lansing (MI Op/5/36)"]
[Site "?"]
[Date "1987.??.??"]
[Round "?"]
[White "Garrison, Ray"]
[Black "Bolda, M.."]
[Result "1-0"]
[WhiteElo "1685"]
[BlackElo "1840"]
[PlyCount "39"]
[EventDate "1987.??.??"]

{5/(36)} 1. Nf3 Nf6 2. d4 d5 3. Bf4 Bf5 4. e3 a6 5. a4 Nc6 6. Nbd2 Nb4 7. Rc1
Na2 8. Nh4 Nxc1 9. Nxf5 Qd7 10. Ng3 Na2 11. c3 b5 12. Qb1 Nxc3 13. bxc3 bxa4
14. Qb7 Qc8 15. Qc6+ Nd7 16. Qxd5 e6 17. Qa5 a3 18. Nc4 Rb8 19. Nxa3 Rb3 20.
Bxa6 1-0

[Event "Lansing (MI Op/1b/4)"]
[Site "?"]
[Date "1987.??.??"]
[Round "?"]
[White "Fuller, William"]
[Black "Thompson, Dexter"]
[Result "0-1"]
[WhiteElo "1880"]
[BlackElo "2245"]
[PlyCount "58"]
[EventDate "1987.??.??"]

1. d4 Nf6 2. c4 e5 3. dxe5 Ng4 4. e4 Nxe5 5. Nf3 Nbc6 6. Be2 Bc5 7. Nbd2 d6 8.
O-O a5 9. Nb3 Bb6 10. Nbd4 O-O 11. h3 Qf6 12. Rb1 Nxd4 13. Nxd4 Bxd4 14. Kh1
Ng6 15. f4 Re8 16. f5 Nh4 17. Rf4 Be5 18. Rg4 Nxf5 19. exf5 Bxf5 20. Bg5 Qg6
21. Bd2 Bxg4 22. hxg4 Bd4 23. Bf3 Qf6 24. g5 Qe5 25. Qf1 Qg3 26. Be1 Qxg5 27.
g3 Re3 28. Kg2 Rae8 29. Bf2 Rxf3 0-1

[Event "Lansing (MI Op/3/22)"]
[Site "?"]
[Date "1987.??.??"]
[Round "?"]
[White "Fuller, William"]
[Black "Feldstein, R.."]
[Result "1/2-1/2"]
[WhiteElo "1880"]
[BlackElo "2030"]
[PlyCount "118"]
[EventDate "1987.??.??"]

{3/(22)} 1. d4 c5 2. d5 Nf6 3. c4 b5 4. cxb5 a6 5. e3 g6 6. Nc3 Bg7 7. Nf3 O-O
8. Qc2 d6 9. e4 Bg4 10. Be2 axb5 11. Nxb5 Na6 12. Nc3 Nb4 13. Qd1 Nd7 14. a3
Bxf3 15. Bxf3 Ne5 16. Be2 c4 17. O-O Nbd3 18. Qd2 Qb6 19. Qe3 Qxe3 20. Bxe3
Nxb2 21. a4 Ned3 22. Bxd3 cxd3 23. Nb5 Nc4 24. Bd4 Nd2 25. Rfe1 Nb3 26. Bxg7
Kxg7 27. Ra3 d2 28. Rd1 Nc5 29. Nc3 Rfc8 30. Kf1 Rab8 31. Rxd2 Rb4 32. f3 Nb3
33. Rd3 Nd4 34. a5 Nb5 35. Nxb5 Rxb5 36. a6 Rb2 37. Rdc3 Rxc3 38. Rxc3 Ra2 39.
Rc6 Kf6 40. f4 g5 41. e5+ Kf5 42. exd6 exd6 43. Rxd6 Kxf4 44. Rf6+ Ke3 45. g3
g4 46. d6 Rxa6 47. Rxf7 Rxd6 48. Re7+ Kf3 49. Rf7+ Ke3 50. Ke1 Rh6 51. Re7+ Kf3
52. Re2 Ra6 53. Rf2+ Ke3 54. Kf1 Ra1+ 55. Kg2 Re1 56. Rf7 Re2+ 57. Kg1 Re1+ 58.
Kg2 Re2+ 59. Kg1 Re1+ 1/2-1/2

[Event "Lansing (MI Op/5/30)"]
[Site "?"]
[Date "1987.??.??"]
[Round "?"]
[White "Fuller, William"]
[Black "Dmuchowski, Frank"]
[Result "0-1"]
[WhiteElo "1880"]
[BlackElo "1775"]
[PlyCount "57"]
[EventDate "1987.??.??"]

{5/(30)} 1. d4 Nf6 2. c4 e6 3. Nf3 b6 4. g3 Bb7 5. Bg2 Be7 6. O-O O-O 7. Nc3
Ne4 8. d5 Nxc3 9. bxc3 Na6 10. h4 d6 11. dxe6 fxe6 12. Ng5 Bxg2 13. Kxg2 Qd7
14. e4 Qc6 15. Qg4 e5 16. Qe6+ Kh8 17. Qxe7 Rae8 18. Nf7+ Kg8 19. Qg5 Rxf7 20.
Qg4 Qxc4 21. Be3 Nc5 22. Bxc5 Qxc5 23. f4 Qxc3 24. Rae1 exf4 25. gxf4 Qf6 26.
e5 dxe5 27. Rxe5 Qc6+ 28. Kh3 {[Remainder illegible; 0-1, 54?]} Qd7 29. Rf3 0-1

[Event "USA-chJ"]
[Site "USA"]
[Date "1987.??.??"]
[Round "?"]
[White "Fishbein, Alexander"]
[Black "Finegold, Ben"]
[Result "1-0"]
[WhiteElo "2410"]
[BlackElo "2345"]
[PlyCount "93"]
[EventDate "1987.??.??"]

1. e4 e6 2. d4 d5 3. Nc3 dxe4 4. Nxe4 Nd7 5. Nf3 Ngf6 6. Nxf6+ Nxf6 7. Bc4 c5
8. O-O a6 9. Bg5 cxd4 10. Nxd4 Be7 11. c3 O-O 12. Qf3 Qc7 13. Bb3 Kh8 14. Rfe1
e5 15. Nf5 Bd8 16. Ne3 e4 17. Qg3 Qc5 18. Bxf6 Bxf6 19. Nd5 Bd8 20. Rxe4 Be6
21. Rd1 Ba5 22. Ne3 Bc7 23. Qf3 Bxb3 24. axb3 Rad8 25. Rxd8 Bxd8 26. g3 b5 27.
Qf5 Qxf5 28. Nxf5 g6 29. Ne3 Bg5 30. f4 Bf6 31. Nd5 Kg7 32. Nc7 Bd8 33. Nxa6
Bb6+ 34. Kg2 Rd8 35. Re2 Rd1 36. Nb4 Bc5 37. Nc2 Bb6 38. h3 h5 39. h4 Kf6 40.
c4 Rd3 41. Nb4 Rd6 42. Nd5+ Kg7 43. Nxb6 Rxb6 44. c5 Rc6 45. b4 Kf8 46. Kf3 Ra6
47. Ke4 1-0

[Event "Lansing (MI Op/4/3)"]
[Site "?"]
[Date "1987.??.??"]
[Round "?"]
[White "Fischvogt, Eric"]
[Black "Wilson, Vester"]
[Result "1-0"]
[WhiteElo "2300"]
[BlackElo "2065"]
[PlyCount "93"]
[EventDate "1987.??.??"]

{4/(3)} 1. e4 e5 2. Nf3 Nc6 3. Bb5 a6 4. Ba4 Nf6 5. O-O Be7 6. Re1 b5 7. Bb3
O-O 8. c3 d5 9. exd5 e4 10. dxc6 exf3 11. d4 Bg4 12. g3 Re8 13. Bg5 Nh5 14.
Bxe7 Rxe7 15. Nd2 Re2 16. Rxe2 fxe2 17. Qe1 Qf6 18. f3 Bxf3 19. Nxf3 Qxf3 20.
Qf2 Qf6 21. Re1 Re8 22. Rxe2 Rxe2 23. Qxe2 g6 24. Qe8+ Kg7 25. Kg2 a5 26. Qd7
a4 27. Bd5 Qf5 28. Qxf5 gxf5 29. Bf3 Nf6 30. Be2 Nd5 31. Bxb5 a3 32. bxa3 Nxc3
33. a4 Kf6 34. Kf3 Ke6 35. Bc4+ Kd6 36. Bxf7 Kxc6 37. Kf4 Ne2+ 38. Ke5 Kb6 39.
d5 Nc3 40. Kxf5 Nxa4 41. h4 Kc5 42. h5 Nc3 43. Bg8 Nxd5 44. Bxh7 Kd6 45. h6 c5
46. Kg5 Ke7 47. Bg8 1-0

[Event "Lansing (MI Op/6/4)"]
[Site "?"]
[Date "1987.??.??"]
[Round "?"]
[White "Fischvogt, Eric"]
[Black "Hahn, David"]
[Result "0-1"]
[WhiteElo "2300"]
[BlackElo "2170"]
[PlyCount "78"]
[EventDate "1987.??.??"]

{6/(4)} 1. e4 g6 2. d4 Bg7 3. Nc3 d6 4. Be3 Nf6 5. Qd2 c6 6. Nf3 b5 7. Bd3 Nbd7
8. Bh6 Bxh6 9. Qxh6 e5 10. Rd1 Ng4 11. Qd2 O-O 12. O-O Kg7 13. h3 Ngf6 14. Ne2
Nh5 15. g4 Nhf6 16. Ng3 Kh8 17. dxe5 dxe5 18. Qc3 Qb6 19. a3 Re8 20. Kh2 Qc5
21. Qd2 Nf8 22. b4 Qe7 23. Qc3 Bd7 24. Rg1 c5 25. g5 Nh5 26. Nxh5 gxh5 27. Nh4
cxb4 28. axb4 Ng6 29. Nf5 Bxf5 30. exf5 Rac8 31. Qa1 Nh4 32. Rg3 Qxb4 33. Qxa7
Qf4 34. Qxf7 Qxf2+ 35. Kh1 Qxg3 36. Qf6+ Kg8 37. Be4 Qxh3+ 38. Kg1 Qe3+ 39. Kf1
Qxe4 0-1

[Event "Lansing (MI Op/1a/1)"]
[Site "?"]
[Date "1987.??.??"]
[Round "?"]
[White "Fischvogt, Eric"]
[Black "Golonka, Stan"]
[Result "1/2-1/2"]
[WhiteElo "2300"]
[BlackElo "1985"]
[PlyCount "63"]
[EventDate "1987.??.??"]

1. e4 c5 2. Nf3 Nc6 3. d4 cxd4 4. Nxd4 e5 5. Nb5 a6 6. Nd6+ Bxd6 7. Qxd6 Qf6 8.
Qd1 Qg6 9. Nc3 Nge7 10. h4 h5 11. Bg5 f6 12. Be3 d5 13. Nxd5 Nxd5 14. Qxd5 Bg4
15. f3 Rd8 16. Qb3 Bc8 17. c3 Qg3+ 18. Bf2 Qf4 19. Bc4 Qd2+ 20. Kf1 g5 21. hxg5
Qxg5 22. g4 Qf4 23. Bf7+ Kf8 24. Bxh5 Rh7 25. Rh3 Rd3 26. Bg6 Rxf3 27. Rxf3
Qxf3 28. Bxh7 Qh1+ 29. Bg1 Qxh7 30. Bc5+ Ke8 31. Rd1 Bxg4 32. Kg1 1/2-1/2

[Event "Lansing (MI Op/3/16)"]
[Site "?"]
[Date "1987.??.??"]
[Round "?"]
[White "Finegold, Ron"]
[Black "Riseman, J.."]
[Result "1-0"]
[WhiteElo "2170"]
[BlackElo "1925"]
[PlyCount "61"]
[EventDate "1987.??.??"]

{3/(16)} 1. d4 Nf6 2. Nf3 g6 3. c4 Bg7 4. g3 O-O 5. Bg2 c6 6. Nc3 d6 7. O-O Qc7
8. e4 Nbd7 9. h3 e5 10. Be3 Nb6 11. b3 Nbd7 12. Qd3 b6 13. Rfd1 Ba6 14. d5 c5
15. Nd2 Nh5 16. Bf3 Nhf6 17. Kh2 Ne8 18. g4 Qd8 19. Rg1 Nc7 20. Rg2 Bc8 21. Kh1
Nf6 22. g5 Nfe8 23. Rag1 a6 24. h4 b5 25. h5 Bd7 26. Qf1 Rb8 27. Rg3 Na8 28.
Qg2 Qa5 29. Ne2 Qxa2 30. Qh2 bxc4 31. bxc4 {[Remainder illegible; 1-0, 68?]}
1-0